02082nam a2200229Ia 450000500170000000800410001702000240005804100080008208200170009010000360010724500750014325000120021826000520023030000530028249000340033550400100036952013160037965000180169594200080171399900190172195201120174020250619193017.0240825s9999 xx 000 0 und d a9780226809205qhbk. aeng a781.643bARN aArnold, Billy Boy ; Field, Kim  4aThe Blues Dream of Billy Boy Arnoldc/ Billy Boy Arnold and Kim Field  a1st ed. bThe university of chicago pressaChicagocc2021 axiii, 287 p.b: ill. (black and white)c; 24 cm. aChicago visions and revisions aindex aSimply put, Billy Boy Arnold is one of the last men standing from the Chicago blues scene’s raucous heyday. What’s more, unlike most artists in this electrifying melting pot, who were Southern transplants, Arnold―a harmonica master who shared stages with Bo Diddley, Muddy Waters, and Howlin’ Wolf, plus a singer and hitmaker in his own right who first recorded the standards “I Wish You Would” and “I Ain’t Got You”―was born right here and has lived nowhere else. This makes his perspective on Chicago blues, its players, and its locales all the rarer and all the more valuable. Arnold has witnessed musical generations come and go, from the decline of prewar country blues to the birth of the electric blues and the worldwide spread of rock and roll. Working here in collaboration with writer and fellow musician Kim Field, he gets it all down. The Blues Dream of Billy Boy Arnold is a remarkably clear-eyed testament to more than eighty years of musical love and creation, from Arnold’s adolescent quest to locate the legendary Sonny Boy Williamson, the story of how he named Bo Diddley Bo Diddley, and the ups and downs of his seven-decade recording career. Arnold’s tale―candidly told with humor, insight, and grit―is one that no fan of modern American music can afford to miss. aBlues (music) cREF c547919d547919 00104070aACLbACLc6Bd2024-04-29g2491.80l0o781.643 ARNp680992r2024-08-25 14:01:02w2024-08-25yREF